Music Quiz

Random Music or Song Quiz

Super Junior Songs Quiz Stats

 Plays Quiz not verified by Sporcle

Challenge
Share
Tweet
Embed
Score 0/237 Timer 14:00
0 Plays Today
% Correct
Twins
94.2%
Sorry Sorry
93.6%
Bonamana
93.3%
Bijin
92.5%
Don't Don
91.9%
Don't Don
91.7%
Mamacita
91.6%
Devil
90.4%
This is Love
90.3%
Sexy, Free & Single
90.1%
Mr. Simple
89.8%
Mr. Simple
89.6%
Sexy, Free & Single
89.4%
Magic
88.5%
A-Cha
87.9%
A-Cha
87.9%
Spy
85.6%
Super Girl
85.6%
U
84.2%
Swing
84.2%
Perfection
82.9%
Perfection
82.6%
Evanesce
82.3%
Breakdown
82%
At Gwanghwamun
81.7%
Me
81.4%
It's You
79.4%
It's You
79.3%
The Little Prince
78.5%
Y
78%
Miracle
77.6%
Miracle
77.5%
A Million Pieces
77.2%
Superman
77%
Rewind
76.8%
L.O.V.E
76.3%
Superman
76.2%
Go
76.2%
No Other
75.9%
Marry U
71.7%
Marry U
71.7%
Flying, Deep in the Night
71.7%
One Confession
71.3%
Islands
70.3%
Wind
70.2%
Cooking? Cooking!
70%
You & !
69.6%
Saturday
68.9%
Opera
68.5%
Eternal Sunshine
68.3%
Opera
67.9%
Shirt
67.5%
At Close
67.3%
Oppa, Oppa
65.7%
Oppa, Oppa
65.7%
Hero
65.5%
Don't Leave Me
65.2%
A Day
65%
Sweater and Jeans
64.9%
Midnight Blues
64.2%
From U
64.1%
Gulliver
61.8%
...ing
61.7%
Rockstar
61.5%
Autumn Sleeves
61.4%
The One
61.2%
Boom Boom
61.1%
Remember Me
60.1%
Sapphire Blue
59.5%
Raining Spell for Love
59.3%
Butterfly
59.2%
Shake It Up!(Remix)
58.9%
Shake It Up!
58.8%
Hit me up
57.1%
Piano Forest
56.4%
Daydream
56.3%
Alright
55.7%
Moment of Farewell
55.6%
Too Many Beautiful Girls
55.5%
% Correct
Walkin'
54.6%
Dorothy
54.3%
My Love, My Kiss, My Heart
54.3%
Bittersweet
54.1%
So I
53.8%
A 'Good' Bye
53.5%
Monster
52.9%
Blue Tomorrow
52.8%
Believe
52.2%
Why
52.1%
Haru
52.1%
Breakin Up
51.7%
Memories
51.3%
Only You
50.3%
Only You
50.3%
Sunflower
49.7%
Pajama Party
49.4%
A Man In Love
49.4%
Rock This House
49.3%
Man In Love
49.3%
Angela
49.1%
We Can
49.1%
Someday
48.7%
Andante
48.6%
Coagulation
48.6%
Motorcycle
48.5%
Storm
48.4%
Trap
48.4%
Way
48.3%
Oops!! (Feat. f(x))
48.2%
Why I Like You
48.2%
Can you Feel it?
47.7%
Good Person
47.6%
NOW
47.6%
CLUB No.1
47.5%
Let's Dance
47.4%
You Are The One
47.3%
In My Dream
47.2%
Good Friends
47.2%
Don't Wake Me Up
47.2%
Happiness
46.9%
All My Heart
46.6%
Shining Star
46.4%
Feels Good
46.4%
Sarang
46.2%
You
46.2%
Stars Appear...
46%
Mid-Season
45.7%
Hate U, Love U
44.7%
Simply Beautiful
44.3%
Let's Not...
44.2%
One Fine Spring Day
44.2%
White Christmas
44.1%
Our Love
43.9%
Over
43.8%
Disco Drive
43.7%
Mirror
43.6%
Be My Girl
43.5%
I Would
43.4%
Way For Love
43.2%
Because I Miss You
43.1%
Hello
43%
Hello
43%
Outsider
42.6%
She's Gone
42.3%
Reset
42.1%
She Wants It
41.9%
My All Is In You
41.9%
My All Is In You
41.9%
Fantastic
41.9%
Sunny
41.7%
Love Disease
41.4%
Mother
41.4%
A Short Journey
41.3%
Butterfly
41.3%
Heartquake
41.2%
Growing Pains
41%
Light, Camera, Action
40.8%
Keep In Touch
40.5%
% Correct
Thank You
40.4%
Love At First Sight
40.4%
The Beat Goes On
40.2%
Rock'n'Shine
40%
Your Eyes
40%
Happy Together
39.7%
You Got It
39.4%
Here We Go
39.4%
You're My Endless Love
39.3%
What If
39.3%
Dead At Heart
38.4%
Song For You
38%
Our Love
37.7%
My Only Girl
37.1%
Love U More
36.7%
Midnight Fantasy
36.5%
1-4-3 (I Love You)
36.5%
I Am
35.6%
Poom!
34.5%
Good Love
34.3%
Confession
34.3%
Foxy Girl
34%
Destiny
33.2%
Wonder Boy
33%
A-Oh!
32.9%
Missin' U
30.9%
Tunnel
30.3%
Like a Star
29.6%
Good Luck
29.6%
I Wanna Dance
29.4%
I Wanna Dance
29.2%
You & Me
28.3%
Good Bye My Love
28%
My Thoughts, Your Memories
27.8%
Bambina
27.5%
Forever With You
27%
Bad Girl
25.9%
Tuxedo
25.5%
Stand Up
25.3%
The Moment
24.6%
Strong
24.5%
Rokuko
24.5%
Loving You
24%
Bari 5!
23.8%
Destiny
23.4%
Need You Now
23.2%
At Least I Still Have You
23.1%
Off My Mind
22.8%
Holiday
22.8%
People You May Know
22.6%
Addiction
21.5%
Love Song
21%
Love Is Sweet
21%
After a Minute
20.6%
Ready 2 Love
20.4%
Kiss Kiss Dynamite
19.8%
Distant Embrace
19.4%
Let it Go
19.2%
True Love
19.1%
When You Cry
18.9%
Champagne Girl
18.7%
Teenage Queen
18.5%
My Everything
18.3%
In My Arms
17.7%
Lovesick
17.5%
Ten Years
17.2%
Fly High
17%
First Love
17%
Promise You
16.4%
Hana Mizuki
16%
Android Syndrome
15.7%
Without You
14.7%
Words Of The Westerly Wind
14.1%
Love That I Need
14%
Love That I Need
14%
Ways to Say Goodbye
13.8%
My Love For You
13.2%
Love Tonight
8.1%
Ashita No Tameni
5.3%

You're not logged in!

Compare scores with friends on all Sporcle quizzes.
OR
Log In

You Might Also Like...

Show Comments

Extras

Created Jan 11, 2013ReportNominate
Tags:Song Quiz, junior, Super Junior

Top Quizzes Today


Score Distribution

Your Account Isn't Verified!

In order to create a playlist on Sporcle, you need to verify the email address you used during registration. Go to your Sporcle Settings to finish the process.

Report this User

Report this user for behavior that violates our Community Guidelines.

Details: